Erwarten Sie keine Wunder von mir! /
Saved in:
| Main Author: | |
|---|---|
| Other Authors: | |
| Format: | Book |
| Language: | German |
| Published: |
Zürich :
Pendo-Verlag,
1998.
|
| Subjects: | |
| Tags: |
Add Tag
No Tags, Be the first to tag this record!
|
| LEADER | 00886nam a2200253Ma 4500 | ||
|---|---|---|---|
| 001 | 008090237-5 | ||
| 005 | 20020606104010.5 | ||
| 008 | 981118s1998 sz b 000 0 gersd | ||
| 020 | |a 3858422673 | ||
| 035 | 0 | |a ocm40362464 | |
| 040 | |a OHX |b ger |c OHX |d BHA | ||
| 050 | 0 | 0 | |a BQ7935.B774 |b E78 1998 |
| 100 | 0 | 0 | |a Bstan-ʾdzin-rgya-mtsho, |c Dalai Lama XIV, |d 1935- |
| 245 | 1 | 0 | |a Erwarten Sie keine Wunder von mir! / |c Dalai Lama ; herausgegeben von Erwin Koller. |
| 260 | |a Zürich : |b Pendo-Verlag, |c 1998. | ||
| 300 | |a 180 p. ; |c 21 cm. | ||
| 504 | |a Includes bibliographical references (p. 89-93). | ||
| 650 | 0 | |a Buddhism |z China |z Tibet Autonomous Region | |
| 651 | 0 | |a Tibet Autonomous Region (China) |x History |y 1951- | |
| 650 | 0 | |a East and West |x Religious aspects. | |
| 650 | 0 | |a Buddhism |z China |z Tibet Autonomous Region |x Relations. | |
| 700 | 1 | |a Koller, Erwin. | |
| 988 | |a 20020608 | ||
| 906 | |0 OCLC | ||


